Текст томруулах:    
Czechoslovakia (Бичлэгийн дугаар. 145296)
000 -УДИРДЛАГА
Удирдлага 01803 a2200541 4500
003 - ХЯНАЛТЫН ТОО ТОДОРХОЙЛОГЧ
Код MN-UlNUM
005 - БИЧИЛТ ХИЙСЭН ОГНОО
Тухайн бичилтийг бичсэн засварласан сүүлийн огноо 20251104170137.0
008 - ЕРӨНХИЙ МЭДЭЭЛЭЛ
Ерөнхий мэдээлэл 110605s1987 sz i000 0 eng
040 ## - БИЧЛЭГ ҮҮСГЭГЧ БАЙГУУЛЛАГА
Бичлэг үүсгэгч номын сангийн код МУИС-ийн номын сан
084 ## - ББК АНГИЛАЛ
ББК ангилал 65.428
Зохиогчийн гурван тэмдэгт C 99
Нэмэлт тусгалт Гарын авлага
Мэдлэгийн ялгаа 65 - Эдийн засаг
110 2# - ЭРХЛЭН ГАРГАСАН /БАЙГУУЛЛАГА/
Эрхлэн гаргасан байгууллага International Trade Centre UNCTAD/GATT.
245 00 - ҮНДСЭН ГАРЧИГ
Номын нэр Czechoslovakia
Бага гарчгийн мэдээ A market for products from developing countries
260 ## - ГАРАЛТЫН МЭДЭЭ
Хэвлэгдсэн газар Geneva
Хэвлэлийн газар International Trade Centre UNCTAD/GATT
Хэвлэгдсэн он 1987
300 ## - МАТЕРИАЛЫН ТОДОРХОЙЛОЛТ
хуудасны тоо xiii, 149 p. ;
Хэмжээ 21 cm
490 ## - БОТЬ / ЦУВРАЛЫН ТУХАЙ МЭДЭЭ
Боть / цувралын зохиогч Market study
500 ## - Тайлбар
Дансны дугаар БС 5650
546 ## - ХЭЛНИЙ ТУХАЙ МЭДЭЭ
Хэл Англи хэл дээр,
653 ## - Түлхүүр үг
Түлхүүр үг industrial promotion
653 ## - Түлхүүр үг
Түлхүүр үг Czechoslovakia
653 ## - Түлхүүр үг
Түлхүүр үг commerce
653 ## - Түлхүүр үг
Түлхүүр үг developing countries
740 ## - НОМЫН ГАРЧИГ
Гарчиг Foreign trade: An overview
740 ## - НОМЫН ГАРЧИГ
Гарчиг Foreign trade
740 ## - НОМЫН ГАРЧИГ
Гарчиг Trading with Czechoslovakia
740 ## - НОМЫН ГАРЧИГ
Гарчиг Operating on the Czechoslovak market
740 ## - НОМЫН ГАРЧИГ
Гарчиг Survey of imports of selected products
740 ## - НОМЫН ГАРЧИГ
Гарчиг Fish and fish preparations
740 ## - НОМЫН ГАРЧИГ
Гарчиг Vegetable products
740 ## - НОМЫН ГАРЧИГ
Гарчиг Fruit and fruit products
740 ## - НОМЫН ГАРЧИГ
Гарчиг Coffee, tea, cocoa beans and spices
740 ## - НОМЫН ГАРЧИГ
Гарчиг Other farm products
740 ## - НОМЫН ГАРЧИГ
Гарчиг Animal and vegetable fats and oils
740 ## - НОМЫН ГАРЧИГ
Гарчиг Grape must and wine from fresh grapes
740 ## - НОМЫН ГАРЧИГ
Гарчиг Animal feed
740 ## - НОМЫН ГАРЧИГ
Гарчиг Manufactured tobacco
740 ## - НОМЫН ГАРЧИГ
Гарчиг Minerals
740 ## - НОМЫН ГАРЧИГ
Гарчиг Products of the chemical industry
740 ## - НОМЫН ГАРЧИГ
Гарчиг Articles of plastic materials and natural rubber
740 ## - НОМЫН ГАРЧИГ
Гарчиг Raw hides and skins (except furskins), leather, products thereof
740 ## - НОМЫН ГАРЧИГ
Гарчиг Logs, roughly squared wood and sawn wood
740 ## - НОМЫН ГАРЧИГ
Гарчиг Textiles and clothing
740 ## - НОМЫН ГАРЧИГ
Гарчиг Leather foodwear
740 ## - НОМЫН ГАРЧИГ
Гарчиг Costume jewellery
740 ## - НОМЫН ГАРЧИГ
Гарчиг Non-ferrous metals
740 ## - НОМЫН ГАРЧИГ
Гарчиг Consumer products, miscellaneous
942 ## - ЭЛЕМЕНТИЙН ТӨРӨЛ
Зүйлийн төрөл Ном